[Event "EUR-chT Seniors 65"]
[Site "Prague"]
[Date "2021.08.31"]
[Round "2.4"]
[White "Bjorgvik, Jan Arne"]
[Black "Baensch, Frank"]
[Result "1/2-1/2"]
[WhiteElo "1722"]
[BlackElo "1682"]
[PlyCount "42"]
[EventDate "2021.08.30"]
[EventType "team-swiss"]
[EventRounds "9"]
[EventCountry "CZE"]
[SourceTitle "CBM 204 Extra"]
[Source "ChessBase"]
[SourceDate "2021.11.30"]
[SourceVersion "1"]
[SourceVersionDate "2021.11.30"]
[SourceQuality "1"]
[WhiteTeam "Golden Oldies 65"]
[BlackTeam "Dresden Springer 65"]
[WhiteTeamCountry "NOR"]
[BlackTeamCountry "GER"]

1. e4 c5 2. Nf3 Nc6 3. d4 cxd4 4. Nxd4 e5 5. Nxc6 bxc6 6. c4 Bb7 7. Nc3 Bc5 8. Bd3 Nf6 9. 0-0 0-0 10. Qe2 Bd4 11. Bg5 Rb8 12. Rab1 Re8 13. Qf3 Re6 14. Ne2 Bb6 15. Ng3 d5 16. Nh5 Kh8 17. exd5 cxd5 18. Bxf6 gxf6 19. Qg3 Qg8 20. Bf5 Qxg3 21. Nxg3 Rd6 1/2-1/2